[Event "Berlin op 10"]
[Site "Berlin"]
[Date "2003.11.10"]
[Round "5"]
[White "Nikolic, Benjamin"]
[Black "Zschaebitz, Klaus"]
[Result "0-1"]
[WhiteElo "1830"]
[BlackElo "2065"]
[PlyCount "134"]
[EventDate "2003.10.13"]
[EventType "swiss"]
[EventRounds "7"]
[EventCountry "GER"]
[SourceTitle "EXT 2007"]
[Source "ChessBase"]
[SourceDate "2006.11.23"]
[SourceVersion "1"]
[SourceVersionDate "2006.11.23"]
[SourceQuality "1"]

1. d4 e6 2. c4 Bb4+ 3. Bd2 a5 4. a3 Bxd2+ 5. Qxd2 Nf6 6. Nc3 b6 7. e4 d6 8. Bd3 Nc6 9. Nge2 e5 10. Bc2 0-0 11. 0-0 Ba6 12. b3 Nd7 13. f4 f6 14. d5 Ne7 15. f5 Qe8 16. Rf3 Rf7 17. Qe1 Nf8 18. Qh4 b5 19. Bd3 bxc4 20. bxc4 Rb8 21. Nb5 Qd8 22. Nec3 c6 23. dxc6 Qb6+ 24. Qf2 Qxc6 25. Bf1 Nc8 26. a4 Nb6 27. Rd1 Rd7 28. Qa2 Qc5+ 29. Kh1 Bb7 30. Rxd6 Bc6 31. Rxd7 Bxd7 32. Nd5 Nc8 33. Qd2 Ra8 34. Ndc7 Bxb5 35. Nxb5 Nb6 36. Qc2 Rd8 37. Rd3 Rd7 38. Rxd7 Nfxd7 39. h4 Qe3 40. Be2 Kf8 41. Nc7 Kf7 42. Ne6 Nc5 43. Nxc5 Qxc5 44. Qb3 Ke7 45. Qg3 Kf8 46. Qd3 Ke7 47. Qg3 Kf7 48. Qb3 Ke8 49. Qg3 Qc7 50. Qb3 Nd7 51. Qb5 Qc5 52. Qa6 Nb6 53. Qb7 Kf8 54. Qb8+ Nc8 55. Qa8 Kf7 56. Qd5+ Qxd5 57. exd5 Nb6 58. c5 Nxa4 59. c6 Ke7 60. Bc4 Kd6 61. Kg1 Nc3 62. Kf2 a4 63. Ke3 a3 64. Kd3 a2 65. Bxa2 Nxa2 66. Kc4 e4 67. Kd4 Nb4 0-1